000 00760nam a2200193Ii 4500
003 JO-AjNU
008 230605s9999||||xx |||||||||||||| ||und||
040 _aJO-AjNU
_bara
_erda
_cJO-AjNU
041 _aara
050 1 4 _aBP70.F53
100 3 _aفيغو،أبو الزبير عبد السلام أحمد,
_eauthor
_98296
245 0 0 _aأمهات الكتب الفقهية وشروحها وحواشيها ابتداء من منتصف القرن الثاني وحتى نهاية القرن الرابع عشر للهجرة الفقه المالكي
264 3 1 _aد.م:د.ن،د.ت
300 _a103ص
336 _atext
_btxt
_2rdacontent
337 _aunmediated
_bn
_2rdamedia
338 _avolume
_bnc
_2rdacarrier
650 4 _aالكتب الفقهية
_98297
999 _aA716
_c4284
_d4284